|
|
|
|
| LEADER |
01284nam a2200301 a 4500 |
| 001 |
GR-MES1066 |
| 008 |
991111s1997 xk b 001 0 eng d |
| 020 |
|
|
|a 076190879X
|q (hardcover)
|
| 020 |
|
|
|a 0761908803
|q (paperback)
|
| 040 |
|
|
|a GrPaTEI
|b gre
|c GR-PaULI
|
| 044 |
|
|
|a gb
|
| 082 |
|
0 |
|a 338.95
|2 21
|
| 245 |
0 |
0 |
|a State devolution in America :
|b Implications for a diverse society ; Lynn A. Staeheli, Janet E. Kodras, Colin Flint.
|
| 260 |
|
|
|a Thousand Oaks :
|b Sage publications,
|c c1997
|
| 300 |
|
|
|a 286σ. :
|b πιν. ;
|c 23εκ.
|
| 490 |
0 |
|
|a Urban affairs annual reviews ;
|v 48
|
| 504 |
|
|
|a Περιλαμβάνει βιβλιογραφία και ευρετήριο.
|
| 650 |
|
0 |
|a Local government
|z United States
|
| 650 |
|
0 |
|a Social policy
|
| 650 |
|
4 |
|a Κοινωνική πολιτική
|z Ηνωμένες πολιτείες Αμερικής
|
| 650 |
|
4 |
|a ΚΥΒΕΡΝΗΤΙΚΗ ΠΟΛΙΤΙΚΗ
|
| 700 |
1 |
|
|a Flint, Colin
|
| 700 |
1 |
|
|a Kodras, Janet, E.
|
| 700 |
1 |
|
|a Staeheli, Lynn A.
|
| 942 |
|
|
|2 ddc
|
| 952 |
|
|
|0 0
|1 0
|2 ddc
|4 0
|6 338_950000000000000_STA
|7 0
|9 264903
|a MSLG
|b MSLG
|c BSC
|d 2021-01-17
|e 24
|f 0
|g 0.00
|l 0
|o 338.95 STA
|p 2420000011978
|r 2021-01-17 00:00:00
|t 1
|w 2021-01-17
|y BK15
|x 20080207 0 1
|x GrPaTEI
|
| 971 |
|
|
|a .b25721082
|b 15-04-20
|c 13-09-16
|
| 999 |
|
|
|c 152344
|d 152344
|